Determinación de la relación entre la presencia del tubérculo de carabelli en segundo molar superior primario y primer molar superior permanente, tubérculo sextum y tubérculo de selenka en segundo molar inferior primario y en primer molar inferior permanente, Chiquimula 2006 / (Registro nro. 4337)
[ vista simple ]
| 000 -LEADER | |
|---|---|
| campo de control de longitud fija | 03527nam a2200349Ia 4500 |
| 003 - IDENTIFICADOR DE NÚMERO DE CONTROL | |
| campo de control | gtgcusco |
| 005 - FECHA Y HORA DE LA ÚLTIMA TRANSACCIÓN | |
| campo de control | 20250307084131.0 |
| 008 - DATOS DE LONGITUD FIJA--INFORMACIÓN GENERAL | |
| campo de control de longitud fija | 250220t2006||||xx |||||||||||||| ||spa|| |
| 040 ## - FUENTE DE CATALOGACIÓN | |
| Centro catalogador/agencia de origen | gtgcusco |
| Lengua de catalogación | spa |
| Centro/agencia transcriptor | gtgcusco |
| Centro/agencia modificador | gtgcusco |
| 041 ## - CÓDIGO DE IDIOMA | |
| Código de lengua del texto/banda sonora o título independiente | spa |
| 084 ## - OTRO NÚMERO DE CLASIFICACIÓN | |
| Número de clasificación | T2263 |
| Fuente del número | ODONTO |
| 100 10 - ENTRADA PRINCIPAL--NOMBRE DE PERSONA | |
| Nombre de persona | García Galindo, Juan Valentín |
| 9 (RLIN) | 11068 |
| 245 #0 - MENCIÓN DEL TÍTULO | |
| Título | Determinación de la relación entre la presencia del tubérculo de carabelli en segundo molar superior primario y primer molar superior permanente, tubérculo sextum y tubérculo de selenka en segundo molar inferior primario y en primer molar inferior permanente, Chiquimula 2006 / |
| Mención de responsabilidad, etc. | Juan Valentín García Galindo. -- |
| 260 ## - PUBLICACIÓN, DISTRIBUCIÓN, ETC. | |
| Lugar de publicación, distribución, etc. | Guatemala : |
| Nombre del editor, distribuidor, etc. | USAC, |
| Fecha de publicación, distribución, etc. | 2006 |
| 300 ## - DESCRIPCIÓN FÍSICA | |
| Extensión | 57 páginas : |
| Otras características físicas | il. ; |
| Dimensiones | 28 cm. |
| 336 ## - TIPO DE CONTENIDO | |
| Término de tipo de contenido | texto |
| Fuente | rdacontenido |
| Código de tipo de contenido | txt |
| 337 ## - TIPO DE MEDIO | |
| Nombre/término del tipo de medio | Sin mediación |
| Fuente | rdamedio |
| Código del tipo de medio | n |
| 338 ## - TIPO DE SOPORTE | |
| Nombre/término del tipo de soporte | volumen |
| Fuente | rdasoporte |
| Código del tipo de soporte | nc |
| 500 ## - NOTA GENERAL | |
| Nota general | Disponible en CD y en línea |
| 502 ## - NOTA DE TESIS | |
| Nota de tesis | Tesis (Cirujano Dentista) --Universidad de San Carlos de Guatemala, Facultad de Odontología |
| 504 ## - NOTA DE BIBLIOGRAFÍA, ETC. | |
| Enlace | Bibliografía: pp. 43-44 |
| 520 ## - RESUMEN, ETC. | |
| Sumario, etc. | Con el propósito de determinar la relación de las variantes morfológicas: Tubérculo de Carabelli, de Selenka y el Tubérculo Sextum entre la dentición primaria y la permanente, se realizó un estudio en estudiantes de nivel primario en las escuelas de las cabeceras departamentales de Alta Verapaz, Chiquimula, Huehuetenango, Izabal, Jutiapa, Sololá y Suchitepéquez; se obtuvo una muestra probabilística de 384 niños en cada cabecera .departamental. En la Cabecera Departamental de Chiquimula se visitaron las escuelas seleccionadas aleatoriamente con base en los datos obtenidos del Ministerio de Educación. Con la debida autorización de los directores se procedió a la revisión clínica de los niños y de acuerdo a los criterios de inclusión y exclusión ya establecidos en esta investigación, se procedió a determinar la presencia o ausencia de los tubérculos en primeros molares superiores e inferiores permanentes y segundos molares superiores e inferiores primarios. Se llenaron fichas clínicas para cada escolar preparadas para este estudio. Se utilizó el modelo matemático de Regresión Logística para poder relacionar las variables, en este caso la presencia o la ausencia de cada tubérculo y la unilateralidad y bilateralidad de los mismos. Con los resultados obtenidos se determinó que el Tubérculo de Carabelli tiene un 77% aproximadamente de relación directa entre primeros molares superiores derechos e izquierdos permanentes y segundos molares superiores derechos e izquierdos primarios. Se determinó que el Tubérculo de Selenka se presenta en primer molar inferior izquierdo permanente en un 28% de los casos cuando aparece en segundo molar inferior derecho primario, se concluyó que en la muestra estudiada en la Cabecera Departamental de Chiquimula el Tubérculo Sextum se presenta en primeros molares inferiores derechos e izquierdos permanentes en un 16% de los casos cuando aparece en segundos molares inferiores derechos e izquierdos primarios. |
| 650 02 - PUNTO DE ACCESO ADICIONAL DE MATERIA--TÉRMINO DE MATERIA | |
| Término de materia o nombre geográfico como elemento de entrada | Dentición |
| 9 (RLIN) | 2669 |
| 650 02 - PUNTO DE ACCESO ADICIONAL DE MATERIA--TÉRMINO DE MATERIA | |
| Término de materia o nombre geográfico como elemento de entrada | Sistema estomatognático |
| 9 (RLIN) | 1675 |
| 650 02 - PUNTO DE ACCESO ADICIONAL DE MATERIA--TÉRMINO DE MATERIA | |
| Término de materia o nombre geográfico como elemento de entrada | Anomalías dentarias |
| 9 (RLIN) | 1670 |
| 650 02 - PUNTO DE ACCESO ADICIONAL DE MATERIA--TÉRMINO DE MATERIA | |
| Término de materia o nombre geográfico como elemento de entrada | Diente molar |
| 9 (RLIN) | 9275 |
| 700 10 - ENTRADA AGREGADA--NOMBRE PERSONAL | |
| Nombre de persona | Aceituno Juárez, Marco Tulio |
| Término indicativo de función/relación | asesor |
| 9 (RLIN) | 10963 |
| 700 10 - ENTRADA AGREGADA--NOMBRE PERSONAL | |
| Nombre de persona | Rosales Escribá, Guillermo |
| Término indicativo de función/relación | asesor |
| 9 (RLIN) | 10964 |
| 856 ## - LOCALIZACIÓN Y ACCESO ELECTRÓNICOS | |
| Identificador Uniforme de Recursos | <a href=" http://www.repositorio.usac.edu.gt/id/eprint/15677"> http://www.repositorio.usac.edu.gt/id/eprint/15677</a> |
| Nota pública | Texto completo |
| 942 ## - ELEMENTOS DE ENTRADA SECUNDARIOS (KOHA) | |
| Código de la institución [OBSOLETO] | Biblioteca Facultad de Odontología |
| Tipo de ítem Koha | TESIS |
| Prefijo de la signatura | T2263 |
| Suprimir en OPAC | No |
| Estatus retirado | Estado de pérdida | Estado de daño | No para préstamo | Biblioteca de origen | Biblioteca actual | Ubicación en estantería | Fecha de adquisición | Fuente de adquisición | Número de inventario | Total de préstamos | Signatura topográfica completa | Código de barras | Visto por última vez | Tipo de ítem Koha | Nota pública |
|---|---|---|---|---|---|---|---|---|---|---|---|---|---|---|---|
| Biblioteca de la Facultad de Odontología | Biblioteca de la Facultad de Odontología | Documento de Graduación | 07/09/2006 | Graduandos. Donación | 10-H-s.n. | T2263 | T000004949 | 20/02/2025 | TESIS | ||||||
| Biblioteca de la Facultad de Odontología | Biblioteca de la Facultad de Odontología | CD | 07/09/2006 | Graduandos. Donación | 10-H-s.n. | T2263 | C00000156 | 26/02/2025 | Materiales visuales | Préstamo especial cd |

